Normal view
MARC view
- Scott, Elaine P.
Entry Personal Name
001 - CONTROL NUMBER
- control field: 83540
003 - CONTROL NUMBER IDENTIFIER
- control field: NUST
005 - DATE AND TIME OF LATEST TRANSACTION
- control field: 20211029105559.0
008 - FIXED-LENGTH DATA ELEMENTS
- fixed length control field: 211029|| aca||aabn | a|a d
040 ## - CATALOGING SOURCE
- Original cataloging agency: NUST
- Transcribing agency: NUST
100 ## - HEADING--PERSONAL NAME
- Personal name: Scott, Elaine P.
- Fuller form of name: (Elaine Patricia),
- Dates associated with a name: 1957-
670 ## - SOURCE DATA FOUND
- Source citation: Work cat.: (NUST)32066: Potter, Merle C. 3288, Thermal Sciences :, c2004.
